000 00550nam a2200205Ia 4500
005 20250923145340.0
008 008 250917s9999 xx 000 0 eng d
037 _aTextual
040 _aDSWL
_beng
_cDSWL
041 _aeng
_2eng
084 _qDSWL
100 _aNamboodiripad, E.M.S.
_9834354
245 4 _aThe Mahatma and the Ism
_c by E.M.S. Namboodiripad
260 _aNew Delhi
_b Peoples Publishing House
_c1958
300 _a130p.
365 _aINR
_b8 . 0
925 _g8 . 0
942 _cTEXL
999 _c1450304
_d1450304